000 00444nam a2200193Ia 4500
005 20240823025940.0
008 240823s9999||||xx |||||||||||||| ||und||
020 _a978-81-7223-563-5
041 _aENGLISH
082 _A813.54 Q0
100 _aPaulo Coelho
245 0 _aEleven Minutes
250 _a1st
260 _c2014
_bHarpercollins Publi
500 _aYES
650 _aEleven Minutes
_bGeneral
942 _cBK
999 _c187533
_d187533